000 00496nam a2200181Ia 4500
999 _c16921
_d16921
003 OSt
005 20200606120031.0
008 190216s9999||||xx |||||||||||||| ||und||
020 _a81902935142
040 _cMESKC library
082 _a891.433
_bDHA/K
100 _aDhaulpuri, P K
_9285
245 0 _aKarambharasth /
_cP K Dhaulpuri
260 _bBook Network,
_c2012.
_aDelhi:
300 _a152p
650 _aHindi
942 _cBK
_2ddc
_h891.433
_iDHA/K
_k891.433
_mDHA/K